[Event "Rated Blitz game"]
[Site "?"]
[Date "2021.05.05"]
[Round "?"]
[White "z2win"]
[Black "pasha1984"]
[Result "1-0"]
[WhiteElo "2421"]
[BlackElo "2380"]
[PlyCount "21"]
[EventDate "2021.??.??"]
[EventType "blitz"]

1. e4 e5 2. Nf3 d5 3. d4 dxe4 4. Nxe5 Bd6 5. Nc4 Nc6 6. c3 Nf6 7. Bg5 Be7 8.
Nbd2 Bf5 9. Be2 O-O 10. O-O h6 11. Bf4 {Time forfeit} 1-0

[Event "Rated Blitz game"]
[Site "?"]
[Date "2021.05.05"]
[Round "?"]
[White "Bajanista"]
[Black "DarthZannah"]
[Result "1-0"]
[WhiteElo "2376"]
[BlackElo "2508"]
[PlyCount "105"]
[EventDate "2021.??.??"]
[EventType "blitz"]

1. e4 e5 2. Nf3 d5 3. Nxe5 dxe4 4. Nc3 Qd4 5. Nc4 f5 6. d3 Nf6 7. Be3 Qd8 8.
dxe4 Qxd1+ 9. Rxd1 fxe4 10. Nb5 Na6 11. Be2 Bd7 12. Nd4 O-O-O 13. O-O Bc5 14.
Ne5 Be8 15. Bxa6 bxa6 16. Ne6 Rxd1 17. Rxd1 Bxe3 18. Rd8+ Kb7 19. fxe3 Rg8 20.
a4 Bxa4 21. Rxg8 Nxg8 22. Nc5+ Kb6 23. Nxa4+ Kb5 24. Nc3+ Kb4 25. Nc6+ Kc5 26.
Nd4 Nf6 27. Ne6+ Kb4 28. Nxc7 a5 29. N7d5+ Nxd5 30. Nxd5+ Kc5 31. Nc3 a4 32.
Nxa4+ Kd5 33. Nc3+ Ke5 34. Kf2 a5 35. Ke2 g5 36. g4 h5 37. gxh5 g4 38. Kf2 a4
39. Nxa4 g3+ 40. hxg3 Kf5 41. g4+ Kg5 42. Nc5 Kh6 43. Nxe4 Kg7 44. Ng3 Kh7 45.
Kf3 Kg7 46. Kf4 Kh7 47. Kf5 Kg7 48. b4 Kh6 49. b5 Kg7 50. b6 Kh6 51. b7 Kg7 52.
b8=Q Kh6 53. Qh8# {Normal} 1-0

[Event "Rated Blitz tournament Dn26Emoy"]
[Site "?"]
[Date "2021.05.05"]
[Round "?"]
[White "Dam666"]
[Black "GFF_KBPL"]
[Result "1-0"]
[WhiteElo "2509"]
[BlackElo "2334"]
[PlyCount "111"]
[EventDate "2021.??.??"]
[EventType "blitz"]

1. e4 e5 2. Nf3 d5 3. Nc3 dxe4 4. Nxe4 f5 5. Nc3 e4 6. Ne5 Nf6 7. d4 Be6 8. Bc4
Bxc4 9. Nxc4 Bb4 10. O-O Nc6 11. Ne2 O-O 12. c3 Bd6 13. Nxd6 cxd6 14. Qb3+ Rf7
15. Bg5 d5 16. Nf4 Na5 17. Qb5 a6 18. Qc5 Rc8 19. Bxf6 Rxf6 20. Qxd5+ Qxd5 21.
Nxd5 Re6 22. b3 Kf7 23. f3 e3 24. f4 Rd8 25. c4 Nc6 26. Rfe1 Nxd4 27. Rxe3 Rxe3
28. Nxe3 Ne2+ 29. Kf1 Nxf4 30. Nxf5 Rd2 31. Ne3 Nd3 32. Rd1 Rxd1+ 33. Nxd1 Nc1
34. Nc3 Ke6 35. Kf2 b5 36. Ke3 b4 37. Kd2 Nxb3+ 38. axb3 bxc3+ 39. Kxc3 a5 40.
Kd4 Kd6 41. c5+ Kc6 42. Kc4 g6 43. h3 g5 44. g4 h6 45. b4 axb4 46. Kxb4 Kc7 47.
Kb5 Kb7 48. c6+ Kc7 49. Kc5 Kc8 50. Kd6 Kd8 51. c7+ Kc8 52. Kc6 h5 53. gxh5 g4
54. h6 gxh3 55. h7 h2 56. h8=R# {Normal} 1-0

[Event "Rated Blitz game"]
[Site "?"]
[Date "2021.05.05"]
[Round "?"]
[White "mrios"]
[Black "Gifroy"]
[Result "1/2-1/2"]
[WhiteElo "2514"]
[BlackElo "2414"]
[PlyCount "125"]
[EventDate "2021.??.??"]
[EventType "blitz"]

1. e4 e5 2. Nf3 d5 3. Nxe5 Bd6 4. d4 dxe4 5. Nc4 Be7 6. Nc3 Bf5 7. Bf4 Nf6 8.
Ne3 Bg6 9. d5 O-O 10. Bc4 a6 11. a4 Nbd7 12. h3 Bd6 13. Bxd6 cxd6 14. O-O Ne5
15. Be2 Nfd7 16. a5 f5 17. f4 exf3 18. Bxf3 Qc7 19. Qd4 Nc5 20. Rf2 Rae8 21. b4
Nxf3+ 22. Rxf3 Ne4 23. Nxe4 Rxe4 24. Qd2 Qe7 25. Raf1 f4 26. Ng4 Re2 27. Qd4
Rxc2 28. Rxf4 Re8 29. Ne3 Ra2 30. Nf5 Qe5 31. Qxe5 dxe5 32. Re4 Rd2 33. d6 Bxf5
34. Rxf5 Rxd6 35. Rfxe5 Rxe5 36. Rxe5 Rd7 37. b5 axb5 38. Rxb5 Kf7 39. Rb6 h6
40. Kh2 Kg8 41. Kg3 Kh7 42. Kf4 Rd5 43. Rxb7 Rxa5 44. Rb3 Ra4+ 45. Kg3 Ra5 46.
Kh2 Rg5 47. h4 Rg6 48. Kh3 Rf6 49. g3 Rf7 50. Re3 Kg8 51. Kg2 Rf8 52. Rf3 Rf7
53. Rxf7 Kxf7 54. Kf3 Kg6 55. Kf4 Kf6 56. g4 g6 57. g5+ hxg5+ 58. hxg5+ Ke6 59.
Ke4 Kd6 60. Kd4 Ke6 61. Ke4 Kd6 62. Kd4 Ke6 63. Ke4 {Normal} 1/2-1/2

[Event "Rated Blitz game"]
[Site "?"]
[Date "2021.05.05"]
[Round "?"]
[White "sach64"]
[Black "KamranShirazi"]
[Result "0-1"]
[WhiteElo "2341"]
[BlackElo "2457"]
[PlyCount "66"]
[EventDate "2021.??.??"]
[EventType "blitz"]

1. e4 e5 2. Nf3 d5 3. Nc3 dxe4 4. Nxe4 f5 5. Nc3 e4 6. Ne5 Qd4 7. Nc4 Bc5 8.
Ne3 f4 9. Nb5 Qe5 10. Nc4 Qe7 11. Qh5+ g6 12. Qe5 Qxe5 13. Nxe5 Na6 14. Bc4 c6
15. Nc3 Nf6 16. d3 Nb4 17. Bxf4 Nxc2+ 18. Kd2 Nxa1 19. Rxa1 Bxf2 20. Bh6 e3+
21. Ke2 Ng4 22. Bf7+ Ke7 23. Bg5+ Kd6 24. Nc4+ Kd7 25. h3 h6 26. Bf4 g5 27.
Ne5+ Nxe5 28. Bxe5 Rf8 29. Bh5 Ke6 30. Bg7 Rg8 31. Bxh6 Rh8 32. Bg4+ Kf6 33.
Ne4+ Kg6 {Normal} 0-1

[Event "Rated Blitz game"]
[Site "?"]
[Date "2021.05.05"]
[Round "?"]
[White "slavynus"]
[Black "Razario90"]
[Result "0-1"]
[WhiteElo "2435"]
[BlackElo "2419"]
[PlyCount "22"]
[EventDate "2021.??.??"]
[EventType "blitz"]

1. e4 e5 2. Nf3 d5 3. Nxe5 Qe7 4. d4 f6 5. Nd3 Qxe4+ 6. Qe2 Nc6 7. c3 Bf5 8.
Nd2 Qxe2+ 9. Bxe2 O-O-O 10. O-O Re8 11. Re1 Bxd3 {Normal} 0-1

[Event "Rated Blitz game"]
[Site "?"]
[Date "2021.05.05"]
[Round "?"]
[White "Malygin2006"]
[Black "Sinrah-Tensei"]
[Result "1-0"]
[WhiteElo "2384"]
[BlackElo "2436"]
[PlyCount "159"]
[EventDate "2021.??.??"]
[EventType "blitz"]

1. e4 e5 2. Nf3 d5 3. exd5 Bd6 4. Nc3 a6 5. d4 e4 6. Nxe4 Nf6 7. Nxd6+ cxd6 8.
c4 O-O 9. Be2 Bf5 10. O-O Nbd7 11. Bg5 h6 12. Bf4 Ne8 13. Rc1 b6 14. Bd3 Bg4
15. h3 Bh5 16. Re1 Ndf6 17. g4 Bg6 18. Bxg6 fxg6 19. Qd2 Kh7 20. Re6 Ra7 21.
Rce1 Raf7 22. Bg3 Nxd5 23. Ng5+ hxg5 24. cxd5 Rf3 25. Qc2 Nf6 26. Qc6 Rd3 27.
Rxd6 Qb8 28. Qxb6 Qxb6 29. Rxb6 Rxd4 30. d6 a5 31. Ra6 a4 32. Re7 Nd5 33. Rb7
Nf4 34. Bxf4 gxf4 35. Kg2 f3+ 36. Kg3 Rd1 37. Raa7 Rg1+ 38. Kh4 Rg8 39. Kg5 Rf1
40. d7 Rd1 41. Rxa4 Rd2 42. Kf4 Rxf2 43. Ke3 Rf1 44. Rf4 Ra8 45. Rxf3 Re1+ 46.
Kf2 Rd1 47. Ra3 Rd8 48. Raa7 Kh6 49. h4 Rd4 50. Kg3 Rd3+ 51. Kf4 Rd5 52. Kf3 g5
53. hxg5+ Kxg5 54. a4 Rd3+ 55. Ke4 Rd1 56. Ra6 Re1+ 57. Kf3 Rf1+ 58. Kg2 Rd1
59. Rb5+ Kxg4 60. Rg6+ Kf4 61. Rxg7 R8xd7 62. Rxd7 Rxd7 63. a5 Ra7 64. b4 Ke4
65. Rb6 Kd5 66. Kf3 Rg7 67. Ke3 Rd7 68. Kd3 Rc7 69. a6 Ke5 70. b5 Kd5 71. Rb7
Rc1 72. a7 Rd1+ 73. Kc3 Rc1+ 74. Kb2 Rc4 75. Rb8 Rb4+ 76. Ka3 Rb1 77. a8=Q+ Kc4
78. Rc8+ Kd3 79. Qd5+ Ke2 80. Re8+ {Time forfeit} 1-0

[Event "Rated Blitz game"]
[Site "?"]
[Date "2021.05.05"]
[Round "?"]
[White "Aventurero2018"]
[Black "BigLion5555"]
[Result "1-0"]
[WhiteElo "2501"]
[BlackElo "2488"]
[PlyCount "51"]
[EventDate "2021.??.??"]
[EventType "blitz"]

1. e4 e5 2. Nf3 d5 3. exd5 e4 4. Qe2 Nf6 5. d3 Bd6 6. dxe4 O-O 7. Bg5 h6 8.
Bxf6 Qxf6 9. e5 Qd8 10. Nbd2 Re8 11. Nc4 Bg4 12. O-O-O Nd7 13. h3 Bxf3 14. Qxf3
Nxe5 15. Nxe5 Bxe5 16. Bd3 Qd6 17. c3 a5 18. Bc2 a4 19. a3 b5 20. Rhe1 Rad8 21.
g3 Bf6 22. Qd3 Rxe1 23. Qh7+ Kf8 24. Qh8+ Ke7 25. Rxe1+ Kd7 26. Bf5+ {Normal}
1-0

[Event "Rated Blitz game"]
[Site "?"]
[Date "2021.05.05"]
[Round "?"]
[White "Lode77"]
[Black "Sinrah-Tensei"]
[Result "0-1"]
[WhiteElo "2389"]
[BlackElo "2437"]
[PlyCount "112"]
[EventDate "2021.??.??"]
[EventType "blitz"]

1. e4 e5 2. Nf3 d5 3. Nxe5 Bd6 4. d4 dxe4 5. Nc4 f5 6. Nc3 Nf6 7. g3 Be6 8. Be3
Nc6 9. Qd2 Bb4 10. a3 Ba5 11. Nxa5 Nxa5 12. Bb5+ c6 13. Be2 Nc4 14. Qc1 O-O 15.
b3 Nxe3 16. fxe3 Qd6 17. O-O g6 18. Qb2 Rf7 19. Rad1 Raf8 20. Bc4 Bxc4 21. bxc4
Ng4 22. Rde1 h5 23. c5 Qc7 24. Qb3 h4 25. Kg2 Kg7 26. Ne2 Rh8 27. h3 hxg3 28.
hxg4 Rh2+ 29. Kg1 g2 30. Rf4 Rh1+ 31. Kf2 Rxe1 32. Kxe1 fxg4 33. Qxf7+ Qxf7 34.
Rxf7+ Kxf7 35. Kf2 Ke6 36. c4 b6 37. Nf4+ Kf5 38. d5 cxd5 39. c6 d4 40. c7
dxe3+ 41. Kxg2 Kxf4 42. c8=Q e2 43. Kf2 g3+ 44. Kxe2 g5 45. Qc7+ Kg4 46. Qe5
Kh3 47. Qxe4 g4 48. Qh7+ Kg2 49. Qh4 a6 50. a4 a5 51. Qh5 Kg1 52. Qxg4 g2 53.
Qh3 b5 54. axb5 a4 55. Qe3+ Kh2 56. Qf2 Kh1 {Time forfeit} 0-1

[Event "Rated Blitz game"]
[Site "?"]
[Date "2021.05.05"]
[Round "?"]
[White "Maxomara"]
[Black "Razario90"]
[Result "0-1"]
[WhiteElo "2331"]
[BlackElo "2415"]
[PlyCount "98"]
[EventDate "2021.??.??"]
[EventType "blitz"]

1. e4 e5 2. Nf3 d5 3. Nxe5 Qe7 4. d4 f6 5. Nd3 dxe4 6. Nf4 Qf7 7. Be2 Bd6 8. c4
c6 9. Nc3 Bf5 10. g4 Bxf4 11. gxf5 Bxc1 12. Rxc1 Nh6 13. Nxe4 O-O 14. Nd6 Qe7
15. c5 Nd7 16. Kf1 Kh8 17. Bd3 b6 18. b4 a5 19. a3 axb4 20. axb4 bxc5 21. bxc5
Nf7 22. Qe2 Qxe2+ 23. Bxe2 Nxd6 24. cxd6 Rac8 25. Bf3 Nb8 26. Kg2 Rfd8 27. d5
c5 28. Rhe1 g6 29. fxg6 Rxd6 30. gxh7 Kxh7 31. Re6 Rxe6 32. dxe6 Rc7 33. Bd5
Kg7 34. Kf3 Nc6 35. Rg1+ Kf8 36. Ke4 Ne7 37. Bc4 Ra7 38. f4 Ra4 39. Rc1 Nc6 40.
Kd5 Nb4+ 41. Kxc5 Na2 42. Rg1 Ra5+ 43. Kb6 Rf5 44. Kc7 Rxf4 45. Kd7 Rd4+ 46.
Bd5 Rxd5+ 47. Kc6 Rg5 48. e7+ Kxe7 49. Rg2 Rxg2 {Time forfeit} 0-1

[Event "Rated Blitz game"]
[Site "?"]
[Date "2021.05.05"]
[Round "?"]
[White "Jager90"]
[Black "BigLion5555"]
[Result "0-1"]
[WhiteElo "2488"]
[BlackElo "2477"]
[PlyCount "36"]
[EventDate "2021.??.??"]
[EventType "blitz"]

1. e4 e5 2. Nf3 d5 3. exd5 e4 4. Ne5 Qxd5 5. d4 exd3 6. Nxd3 Bd6 7. Nc3 Qf5 8.
Be2 Nc6 9. Be3 Nge7 10. Qd2 Be6 11. g4 Qa5 12. f4 O-O-O 13. f5 Bc4 14. O-O-O
Bb4 15. a3 Bxa3 16. bxa3 Qxa3+ 17. Kb1 Nb4 18. Bg5 Ba2+ {Time forfeit} 0-1

[Event "Rated Blitz tournament 6vv5zR29"]
[Site "?"]
[Date "2021.05.05"]
[Round "?"]
[White "Hanyut"]
[Black "om_gendut"]
[Result "1/2-1/2"]
[WhiteElo "2365"]
[BlackElo "2437"]
[PlyCount "23"]
[EventDate "2021.??.??"]
[EventType "blitz"]

1. e4 e5 2. Nf3 d5 3. Nxe5 Bd6 4. d4 dxe4 5. Nc4 Be7 6. Bf4 Nf6 7. c3 O-O 8.
Be2 Re8 9. O-O Bf5 10. Ne3 Bg6 11. Nd2 Bd6 12. Bg3 {Normal} 1/2-1/2

[Event "Rated Blitz game"]
[Site "?"]
[Date "2021.05.04"]
[Round "?"]
[White "Gifroy"]
[Black "annaly1979"]
[Result "1-0"]
[WhiteElo "2426"]
[BlackElo "2406"]
[PlyCount "91"]
[EventDate "2021.??.??"]
[EventType "blitz"]

1. e4 e5 2. Nf3 d5 3. d4 dxe4 4. Nxe5 Bd6 5. Bf4 Nf6 6. Bc4 O-O 7. Nc3 Bf5 8.
Qe2 Nc6 9. O-O-O a6 10. Kb1 Qe7 11. Nxc6 bxc6 12. Bg5 h6 13. Bh4 Rab8 14. Bxf6
Qxf6 15. Nxe4 Qe7 16. Ng3 Qf6 17. Qf3 Bg6 18. Qxf6 gxf6 19. Bxa6 Rb6 20. Bd3
Rfb8 21. b3 Kg7 22. Bxg6 fxg6 23. Ne4 f5 24. Nxd6 cxd6 25. Rhe1 Kf7 26. Re2 Re8
27. Rde1 Rxe2 28. Rxe2 Kf6 29. Kb2 f4 30. c4 f3 31. gxf3 Kf5 32. Re4 c5 33.
dxc5 dxc5 34. Kc3 Rd6 35. Re2 Kf4 36. Rd2 Re6 37. a3 Kxf3 38. b4 g5 39. b5 h5
40. a4 g4 41. a5 h4 42. a6 Re1 43. Ra2 Rc1+ 44. Kb3 Rb1+ 45. Ka4 Rb4+ 46. Ka5 {
Normal} 1-0

[Event "Rated Blitz game"]
[Site "?"]
[Date "2021.05.04"]
[Round "?"]
[White "Elgranconejo"]
[Black "GoughPhar"]
[Result "1-0"]
[WhiteElo "2444"]
[BlackElo "2431"]
[PlyCount "129"]
[EventDate "2021.??.??"]
[EventType "blitz"]

1. e4 e5 2. Nf3 d5 3. exd5 e4 4. Qe2 Nf6 5. Nc3 Be7 6. Ng5 O-O 7. Ngxe4 Re8 8.
d3 Nxd5 9. Nxd5 Qxd5 10. Nc3 Qa5 11. Qd1 Bb4+ 12. Be2 Bxc3+ 13. bxc3 Qxc3+ 14.
Bd2 Qe5 15. Be3 Qc3+ 16. Kf1 Nc6 17. Bf3 Nb4 18. Bd2 Qd4 19. c3 Qxd3+ 20. Be2
Bg4 21. f3 Qf5 22. cxb4 Rad8 23. Rc1 Bh5 24. Kf2 Rd7 25. Re1 Red8 26. Rc2 Bg6
27. Rb2 Qf6 28. Qc1 h5 29. Kf1 h4 30. Bg5 Qd6 31. Bxd8 Qxh2 32. Bxc7 Rxc7 33.
Qe3 h3 34. Qg1 Qe5 35. Rd2 h2 36. Qh1 Qg3 37. Red1 Re7 38. Bd3 Bxd3+ 39. Rxd3
g5 40. Rd4 Kg7 41. Re4 Rxe4 42. fxe4 Qf4+ 43. Ke2 Qxe4+ 44. Kd2 Qxb4+ 45. Kc2
Qa4+ 46. Kb1 Qe4+ 47. Ka1 Qe5+ 48. Kb1 g4 49. Qe1 Qxe1 50. Rxe1 g3 51. Kc2 Kg6
52. Kd3 Kg5 53. Ke3 Kg4 54. Rh1 f5 55. Ke2 f4 56. a4 f3+ 57. gxf3+ Kh3 58. Rb1
g2 59. Rxb7 h1=Q 60. Rh7+ Kg3 61. Rg7+ Kf4 62. Rf7+ Ke5 63. Re7+ Kd4 64. Re3
Kc5 65. Re4 {Time forfeit} 1-0

[Event "Rated Blitz game"]
[Site "?"]
[Date "2021.05.04"]
[Round "?"]
[White "bingo95"]
[Black "Fantastic_power06"]
[Result "0-1"]
[WhiteElo "2533"]
[BlackElo "2636"]
[PlyCount "52"]
[EventDate "2021.??.??"]
[EventType "blitz"]

1. e4 e5 2. Nf3 d5 3. exd5 e4 4. Qe2 Nf6 5. d3 Qxd5 6. Nbd2 Nc6 7. dxe4 Qc5 8.
c3 Be6 9. Nb3 Qh5 10. e5 Ng4 11. Bf4 O-O-O 12. h3 Bxb3 13. axb3 Bc5 14. Bg3
Rhe8 15. Rg1 Nxf2 16. Bxf2 Nxe5 17. Bxc5 Nd3+ 18. Kd2 Nxc5+ 19. Kc1 Rxe2 20.
Bxe2 Nxb3+ 21. Kc2 Nxa1+ 22. Rxa1 Qg6+ 23. Kc1 Qxg2 24. Bd1 Rxd1+ 25. Kxd1
Qxf3+ 26. Kc2 Qxh3 {Normal} 0-1

[Event "Rated Blitz tournament uFLUrkeU"]
[Site "?"]
[Date "2021.05.04"]
[Round "?"]
[White "Nofrepet"]
[Black "Razario90"]
[Result "0-1"]
[WhiteElo "2455"]
[BlackElo "2419"]
[PlyCount "116"]
[EventDate "2021.??.??"]
[EventType "blitz"]

1. e4 e5 2. Nf3 d5 3. exd5 e4 4. Qe2 Nf6 5. d3 Qxd5 6. Nbd2 Bf5 7. Nh4 Be7 8.
Nxf5 Qxf5 9. Nxe4 O-O 10. Bd2 Nc6 11. Bc3 Rfe8 12. O-O-O Qd5 13. Kb1 Nd4 14.
Bxd4 Qxd4 15. c3 Qb6 16. f3 a5 17. Qc2 a4 18. d4 Nd5 19. Bc4 Ne3 20. Qd3 Nxd1
21. Rxd1 Rad8 22. Ng3 Qg6 23. Bb5 c6 24. Bxa4 Bh4 25. Qxg6 hxg6 26. Ne4 f5 27.
Bb3+ Kh7 28. Nc5 b6 29. Ne6 Rd6 30. g3 Bf6 31. Nf4 Re3 32. Rf1 c5 33. d5 b5 34.
h4 c4 35. Bc2 Be5 36. Nh3 Bxg3 37. h5 Re1+ 38. Rxe1 Bxe1 39. Nf4 gxh5 40. Bxf5+
Kh6 41. Be4 Bd2 42. Ng2 g5 43. Kc2 Bf4 44. Kd1 Be5 45. Ke2 h4 46. Ne3 Kh5 47.
Kf2 h3 48. Nf5 Ra6 49. a3 Kg6 50. d6 Kf6 51. d7 Bc7 52. Nd4 Rd6 53. Nxb5 Rd2+
54. Ke3 h2 55. f4 h1=Q 56. Bxh1 gxf4+ 57. Ke4 f3 58. Bxf3 Rxd7 {Time forfeit}
0-1

[Event "Rated Blitz game"]
[Site "?"]
[Date "2021.05.04"]
[Round "?"]
[White "PhantomKinder"]
[Black "artsportscience"]
[Result "0-1"]
[WhiteElo "2425"]
[BlackElo "2361"]
[PlyCount "148"]
[EventDate "2021.??.??"]
[EventType "blitz"]

1. e4 e5 2. Nf3 d5 3. d3 dxe4 4. dxe4 Qxd1+ 5. Kxd1 Nc6 6. c3 Bg4 7. Bb5 O-O-O+
8. Ke2 Nce7 9. Bc4 f6 10. Be3 Kb8 11. a4 Ng6 12. h3 Bc8 13. a5 a6 14. b4 N8e7
15. Na3 f5 16. exf5 Nxf5 17. g3 Bd6 18. Ng5 Nh6 19. Ne4 Bd7 20. Nc2 Bc6 21. Bd3
Nf5 22. Bg5 Rde8 23. Ne3 Nfe7 24. Nc4 Bxe4 25. Bxe4 Rhf8 26. Rad1 Rd8 27. h4 h6
28. Be3 Nh8 29. h5 Nf7 30. Rd2 Rd7 31. Rhd1 Rfd8 32. Bg2 Ng8 33. Bh3 Re7 34.
Bc5 Nf6 35. Nxd6 cxd6 36. Rxd6 Nxd6 37. Bxd6+ Rxd6 38. Rxd6 Nxh5 39. c4 Nf6 40.
b5 Ne4 41. Rd8+ Kc7 42. b6+ Kxd8 43. Bg2 Nc3+ 44. Kd3 Na4 45. Bxb7 Nc5+ 46. Ke3
Nxb7 47. Ke4 Nxa5 48. Kd5 Nxc4 49. Kxc4 Rd7 50. Kb4 e4 51. Ka5 e3 52. fxe3 Rd6
53. Kxa6 g5 54. Ka7 h5 55. b7 Rd7 56. e4 Rxb7+ 57. Kxb7 h4 58. gxh4 gxh4 59. e5
h3 60. e6 Ke7 61. Kc6 h2 62. Kd5 h1=Q+ 63. Ke5 Qe1+ 64. Kf5 Qxe6+ 65. Kf4 Kf6
66. Kf3 Qe5 67. Kg4 Qf5+ 68. Kg3 Kg5 69. Kg2 Qf4 70. Kh3 Qg4+ 71. Kh2 Kf4 72.
Kh1 Kf3 73. Kh2 Qg3+ 74. Kh1 Qg2# {Normal} 0-1

[Event "Rated Blitz game"]
[Site "?"]
[Date "2021.05.04"]
[Round "?"]
[White "hainana2011"]
[Black "anjaya01"]
[Result "1-0"]
[WhiteElo "2475"]
[BlackElo "2415"]
[PlyCount "47"]
[EventDate "2021.??.??"]
[EventType "blitz"]

1. e4 e5 2. Nf3 d5 3. exd5 Bd6 4. d4 e4 5. Ne5 Nf6 6. Bb5+ Kf8 7. O-O a6 8. Be2
Nbd7 9. f4 exf3 10. Nxf3 Kg8 11. c4 b6 12. Nc3 h6 13. Bd2 Nf8 14. Ne5 g6 15.
Qc2 Kg7 16. Rf2 Bf5 17. Rxf5 gxf5 18. Qxf5 Qc8 19. Qf3 Ng6 20. Rf1 Qd8 21. Nc6
Nh4 22. Qf2 Bxh2+ 23. Kxh2 Qd6+ 24. Bf4 {Normal} 1-0

[Event "Rated Blitz game"]
[Site "?"]
[Date "2021.05.04"]
[Round "?"]
[White "SchwarzWolf"]
[Black "Razario90"]
[Result "1-0"]
[WhiteElo "2406"]
[BlackElo "2401"]
[PlyCount "83"]
[EventDate "2021.??.??"]
[EventType "blitz"]

1. e4 e5 2. Nf3 d5 3. exd5 e4 4. Qe2 Nf6 5. Nc3 Bf5 6. d3 Bb4 7. dxe4 Bxe4 8.
Nd2 Bxc3 9. bxc3 O-O 10. Nxe4 Nxe4 11. c4 c6 12. Qd3 Nxf2 13. Kxf2 Qf6+ 14. Qf3
Qxa1 15. Bd3 cxd5 16. cxd5 Nd7 17. Bxh7+ Kxh7 18. Qh3+ Kg8 19. Qxd7 Rac8 20.
Qa4 Rfe8 21. Rd1 b5 22. Qb3 Rc4 23. d6 Rd4 24. Qxb5 Rd8 25. Re1 R4xd6 26. Be3
Rf6+ 27. Ke2 Qc3 28. Qb3 Qc6 29. Rg1 Re6 30. Kf2 Rf6+ 31. Ke2 Re8 32. Kd2 Rfe6
33. Bd4 Re2+ 34. Kc1 Qe4 35. Bc3 Rxg2 36. Re1 Re2 37. Rf1 Qg2 38. Qxf7+ Kh7 39.
Qh5+ Kg8 40. Qf7+ Kh7 41. Qf5+ Kg8 42. Rd1 {Time forfeit} 1-0

[Event "Rated Blitz game"]
[Site "?"]
[Date "2021.05.04"]
[Round "?"]
[White "Pyotr_Lapin"]
[Black "Makhno_Maria"]
[Result "0-1"]
[WhiteElo "2423"]
[BlackElo "2608"]
[PlyCount "62"]
[EventDate "2021.??.??"]
[EventType "blitz"]

1. e4 e5 2. Nf3 d5 3. exd5 e4 4. Qe2 Nf6 5. Nc3 Be7 6. Nxe4 Nxd5 7. d3 O-O 8.
Bd2 Re8 9. c4 Nb4 10. Be3 f5 11. Nc3 Bf6 12. a3 N4c6 13. g3 g5 14. O-O-O f4 15.
gxf4 gxf4 16. Rg1+ Kh8 17. Nd5 fxe3 18. fxe3 Bf5 19. e4 Bg6 20. Bh3 Na6 21. Qf2
Rf8 22. Bf5 Bxf5 23. exf5 Qd6 24. Qe3 Rae8 25. Qf4 Ne5 26. Nxe5 Qxe5 27. Qxe5
Bxe5 28. Rde1 Nc5 29. Rxe5 Nxd3+ 30. Kd2 Nxe5 31. f6 Nf3+ {Normal} 0-1

[Event "Rated Blitz game"]
[Site "?"]
[Date "2021.05.04"]
[Round "?"]
[White "Corre_por_tu_vida"]
[Black "AsianLion"]
[Result "1-0"]
[WhiteElo "2658"]
[BlackElo "2679"]
[PlyCount "103"]
[EventDate "2021.??.??"]
[EventType "blitz"]

1. e4 e5 2. Nf3 d5 3. exd5 Bd6 4. Nc3 Nf6 5. Bc4 O-O 6. d3 h6 7. h3 Nbd7 8. O-O
Nb6 9. Bb3 Bf5 10. Re1 Re8 11. Nh4 Bh7 12. Qf3 Bb4 13. Bd2 Bxc3 14. Bxc3 Nfxd5
15. Bxe5 Qxh4 16. Bxd5 Nxd5 17. Qxd5 Qh5 18. Qd4 Rad8 19. Qc3 Bf5 20. g4 Qg6
21. Bxc7 Rc8 22. Rxe8+ Rxe8 23. Bg3 Be6 24. Re1 Rc8 25. Qd2 h5 26. f3 Bd5 27.
Re3 Qb6 28. b3 Rxc2 29. Qxc2 Qxe3+ 30. Qf2 Qxd3 31. gxh5 Bxf3 32. Kh2 Qd1 33.
Qe1 Qc2+ 34. Qf2 Qd1 35. Qe1 Qd3 36. Qf2 Bd5 37. Qxa7 Qf1 38. Qg1 Qf3 39. h6 g5
40. Be1 f6 41. Bg3 Kh7 42. b4 Kxh6 43. a4 f5 44. b5 f4 45. Bf2 Kh5 46. a5 Kh6
47. a6 bxa6 48. bxa6 Qe2 49. a7 Bc6 50. Qe1 Qf3 51. Qe6+ Kh5 52. Qg4+ {Time
forfeit} 1-0

[Event "Rated Blitz game"]
[Site "?"]
[Date "2021.05.04"]
[Round "?"]
[White "bingo95"]
[Black "Fantastic_power06"]
[Result "0-1"]
[WhiteElo "2536"]
[BlackElo "2631"]
[PlyCount "80"]
[EventDate "2021.??.??"]
[EventType "blitz"]

1. e4 e5 2. Nf3 d5 3. exd5 e4 4. Qe2 Nf6 5. d3 Qxd5 6. Nfd2 Nc6 7. c3 Qxd3 8.
Qxd3 exd3 9. Bxd3 Ne5 10. Be2 Bf5 11. O-O O-O-O 12. Nf3 Nxf3+ 13. Bxf3 Bc5 14.
Nd2 Bd3 15. Re1 Rhe8 16. Rd1 Bc2 17. Rf1 Bd3 18. Rd1 Be2 19. Re1 Bxf3 20. Nxf3
Rxe1+ 21. Nxe1 Rd1 22. Kf1 Ng4 23. Ke2 Nxf2 24. b4 Bb6 25. a4 a6 26. a5 Ba7 27.
h3 Rd8 28. Nf3 Re8+ 29. Kf1 Ne4 30. Bf4 Nxc3 31. Rc1 Nd5 32. Bd2 c6 33. Ne1 f6
34. Nd3 Ne3+ 35. Bxe3 Rxe3 36. Nf4 Re4 37. Nh5 g6 38. Ng3 Rxb4 39. Re1 Rf4+ 40.
Ke2 Bf2 {Normal} 0-1

[Event "Rated Blitz game"]
[Site "?"]
[Date "2021.05.04"]
[Round "?"]
[White "silent_killer6"]
[Black "Michael_Watts"]
[Result "1-0"]
[WhiteElo "2436"]
[BlackElo "2347"]
[PlyCount "119"]
[EventDate "2021.??.??"]
[EventType "blitz"]

1. e4 e5 2. Nf3 d5 3. exd5 e4 4. Qe2 Nf6 5. d3 Qxd5 6. Nc3 Bb4 7. Bd2 Bxc3 8.
Bxc3 O-O 9. dxe4 Nxe4 10. Qd3 Nxc3 11. bxc3 Re8+ 12. Be2 Qf5 13. O-O Nc6 14.
Nd4 Qxd3 15. Bxd3 Ne5 16. Rfe1 Bd7 17. Re3 Ng4 18. Rxe8+ Rxe8 19. h3 Nf6 20.
Kf1 Nd5 21. c4 Nf4 22. h4 c5 23. Nb3 b6 24. g3 Bh3+ 25. Kg1 Nxd3 26. cxd3 Re2
27. d4 cxd4 28. Nxd4 Rd2 29. Nb5 Be6 30. Nxa7 Bxc4 31. Rb1 Rxa2 32. Rxb6 g6 33.
Nc6 Bd5 34. Ne7+ Kg7 35. Nxd5 Ra1+ 36. Kg2 Rd1 37. Rb5 Rd2 38. Ne3 Ra2 39. Rb7
Rd2 40. Ng4 h5 41. Ne5 Kf6 42. Nxf7 Ra2 43. Ng5 Rc2 44. Rf7+ Ke5 45. Rg7 Kd6
46. Rxg6+ Ke7 47. Rh6 Kf8 48. Rxh5 Kg7 49. Rh7+ Kg6 50. Rd7 Rb2 51. g4 Kh6 52.
Rd6+ Kg7 53. h5 Kg8 54. Kg3 Kh8 55. h6 Rb8 56. f4 Ra8 57. f5 Rb8 58. f6 Ra8 59.
Re6 Rb8 60. Kh4 {Time forfeit} 1-0

[Event "Rated Blitz game"]
[Site "?"]
[Date "2021.05.04"]
[Round "?"]
[White "Gifroy"]
[Black "annaly1979"]
[Result "1/2-1/2"]
[WhiteElo "2425"]
[BlackElo "2408"]
[PlyCount "69"]
[EventDate "2021.??.??"]
[EventType "blitz"]

1. e4 e5 2. Nf3 d5 3. exd5 e4 4. Qe2 f5 5. d3 Nf6 6. Nbd2 Be7 7. dxe4 fxe4 8.
Nxe4 Nxe4 9. Qxe4 O-O 10. Be3 Bf5 11. Qc4 Bd6 12. O-O-O Nd7 13. Bd3 Nb6 14. Qb3
a5 15. Bxf5 Rxf5 16. Bxb6 cxb6 17. Nd4 a4 18. Qc4 Rxf2 19. Rhf1 Rxf1 20. Rxf1
a3 21. b3 Rc8 22. Qe2 h6 23. Qe6+ Kh8 24. Nf5 Qc7 25. c4 Bf4+ 26. Kb1 Bg5 27.
d6 Qc6 28. Ne7 Bxe7 29. Qxe7 Qxg2 30. Rf8+ Rxf8 31. Qxf8+ Kh7 32. Qf5+ Kh8 33.
Qf8+ Kh7 34. Qf5+ Kh8 35. Qf8+ {Normal} 1/2-1/2

[Event "Rated Blitz game"]
[Site "?"]
[Date "2021.05.04"]
[Round "?"]
[White "rudi1234"]
[Black "Slimslik02"]
[Result "0-1"]
[WhiteElo "2440"]
[BlackElo "2345"]
[PlyCount "42"]
[EventDate "2021.??.??"]
[EventType "blitz"]

1. e4 e5 2. Nf3 d5 3. Nxe5 Bd6 4. d4 dxe4 5. Nc4 Nf6 6. Nxd6+ Qxd6 7. Be2 h5 8.
O-O Ng4 9. Bxg4 hxg4 10. g3 Nc6 11. c3 Qd5 12. Re1 Qh5 13. Rxe4+ Be6 14. h4
gxh3 15. Qxh5 Rxh5 16. c4 O-O-O 17. d5 Bf5 18. Rh4 Rxh4 19. gxh4 Nd4 20. Na3
Nf3+ 21. Kf1 Bd3# {Normal} 0-1

[Event "Rated Blitz tournament uFLUrkeU"]
[Site "?"]
[Date "2021.05.04"]
[Round "?"]
[White "Guigui54"]
[Black "Razario90"]
[Result "1-0"]
[WhiteElo "2370"]
[BlackElo "2427"]
[PlyCount "59"]
[EventDate "2021.??.??"]
[EventType "blitz"]

1. e4 e5 2. Nf3 d5 3. Nxe5 Qe7 4. d4 f6 5. Ng4 Qxe4+ 6. Ne3 Bd6 7. Nc3 Bb4 8.
Qh5+ g6 9. Qxd5 Bxc3+ 10. bxc3 Qe7 11. Bc4 c6 12. Qf3 Be6 13. O-O Nd7 14. d5
Bf7 15. dxc6 bxc6 16. Qxc6 Rb8 17. Bxf7+ Kxf7 18. Nd5 Qe6 19. Qxe6+ Kxe6 20. c4
Kf7 21. Re1 Rc8 22. Ne3 Ne7 23. Bb2 Nf5 24. Rad1 Nc5 25. Nxf5 gxf5 26. Rd5 Ne4
27. Rxf5 Rhe8 28. f3 Kg6 29. Rf4 Rxc4 30. Rfxe4 {Time forfeit} 1-0